عرض عادي عرض مارك
  • Dewar, Jacqueline M.

مدخل إسم شخص

عدد التسجيلات المستخدمة في: 1

001 - رقم الضبط

  • حقل الضبط: 38056

003 - معرف رقم الضبط

  • حقل الضبط: OSt

005 - تاريخ ووقت أخر عملية

  • حقل الضبط: 20131020160738.0

008 - عناصر بيانات ثابتة الطول

  • حقل تحكم ثابت الطول: 131020|||a|||||| | ||| d

040 ## - مصدر الفهرسة

  • هيئة الفهرسة الأصلية: OSt
  • وكالة الكتابة: OSt

100 ## - مدخل -- أسم شخص

  • إسم شخص: Dewar, Jacqueline M.

670 ## - بيانات المصدر موجوده

  • الاستشهاد بالمصدر: Work cat.: (OSt)0: Zill, Dennis G., 1940- 38055, Essentials of precalculus with calculus previews /, c2012.